000 00299nam a2200121Ia 4500
008 240731s9999 xx 000 0 und d
022 _a1558-0407
245 0 _aChinese Studies in History
260 _bRoutledge
856 _uhttps://www.tandfonline.com/loi/mcsh20
942 _2ddc
942 _cTFEJ
999 _c75850
_d75850
945 _a1
_bMadushi Gamage
_c1
_dMadushi Gamage